| 000 | 00566nam a22001817a 4500 | ||
|---|---|---|---|
| 005 | 20231103095810.0 | ||
| 008 | 231103b |||||||| |||| 00| 0 eng d | ||
| 020 | _a0409012556 | ||
| 041 | _aEnglish | ||
| 082 | _a346.6 BEU | ||
| 100 |
_aBeuthin, RC and Luiz, SM _lEnglish |
||
| 245 |
_aBeuthin's Basic Company Law / _cRC Beuthin and SM Luiz |
||
| 250 | _aSecond Edition | ||
| 260 |
_aDurban _bButterworth Publishers (Pty) Ltd, _c1992 |
||
| 300 |
_bxx, 409 pages ; _c25 cm. |
||
| 650 |
_aLegal practice _bLaw |
||
| 942 |
_cBK _6ALISON_BN_VRIES |
||
| 999 |
_c286 _d286 |
||